The book called Celestina (Record no. 7247)

MARC details
000 -CABECERA
campo de control de longitud fija 00833nam a2200241 a 4500
001 - NÚMERO DE CONTROL
campo de control BRCA_7573
005 - FECHA Y HORA DE LA ÚLTIMA TRANSACCIÓN
campo de control 20190320205908.0
008 - DATOS DE LONGITUD FIJA--INFORMACIÓN GENERAL
campo de control de longitud fija 140613s1954----nyua######---#000-0#eng-#
041 ## - CÓDIGO DE LENGUA
Código de lengua del texto/banda sonora o título independiente eng
044 ## - CÓDIGO DEL PAÍS DE LA ENTIDAD EDITORA/PRODUCTORA
Código MARC del país nyu
050 #4 - SIGNATURA TOPOGRÁFICA DE LA BIBLIOTECA DEL CONGRESO
Número de clasificación Z8756.1
Número de documento/Ítem .P46 1954
100 1# - ENTRADA PRINCIPAL--NOMBRE DE PERSONA
Nombre de persona Penney, Clara Louisa
9 (RLIN) 13873
245 10 - MENCIÓN DE TÍTULO
Título The book called Celestina
Resto del título in the Library of the Hispanic Society of America
Mención de responsabilidad, etc. by Clara Louisa Penney.
260 ## - PUBLICACIÓN, DISTRIBUCIÓN, ETC.
Lugar de publicación, distribución, etc. Nueva York
Nombre del editor, distribuidor, etc. Hispanic Society of America
Fecha de publicación, distribución, etc. 1954
300 ## - DESCRIPCIÓN FÍSICA
Extensión viii, 157 p.
Otras características físicas il.
Dimensiones 22 cm.
440 #0 - MENCIÓN DE SERIE/PUNTO DE ACCESO ADICIONAL--TÍTULO
Título Hispanic Notes & monographs: essays, studies and brief biographies issued by Hispanic Society of America
9 (RLIN) 7871
500 ## - NOTA GENERAL
Nota general S58
504 ## - NOTA DE BIBLIOGRAFÍA, ETC.
Nota de bibliografía, etc. Bibliografía p. 131-143
600 14 - PUNTO DE ACCESO ADICIONAL DE MATERIA--NOMBRE DE PERSONA
Nombre de persona Rojas, Fernando de,
Fechas asociadas al nombre 1541
Título de la obra Celestina
Subdivisión de forma Bibliografía
9 (RLIN) 18683
740 0# - PUNTO DE ACCESO ADICIONAL--TÍTULO RELACIONADO O ANALÍTICO NO CONTROLADO
Título relacionado o analítico no controlado La Celestina
902 ## - CATALOGADOR
Iniciales GFM
942 ## - ELEMENTOS DE PUNTO DE ACCESO ADICIONAL (KOHA)
Fuente del sistema de clasificación o colocación Library of Congress Classification
Tipo de ítem Koha Libros
Holdings
Estado de retiro Estado de pérdida Estado dañado No para préstamo Localización permanente Ubicación/localización actual Fecha de adquisición Número de inventario Total de préstamos Signatura topográfica completa Código de barras Fecha visto por última vez Precio válido a partir de Tipo de ítem Koha
El ejemplar forma parte de la colección y puede ser consultado según las políticas vigentes.       Biblioteca del Museo Franz Mayer (Rogerio Casas-Alatriste) Biblioteca del Museo Franz Mayer (Rogerio Casas-Alatriste) 14/06/2013 S58   Z8756.1 .P46 1954 (S58) 8181 22/03/2019 22/03/2019 Libros